000 00551nam a22000977a 4500
999 _c2861
_d2861
008 181126b ||||| |||| 00| 0 eng d
100 _aAgris, Joseph
245 _aThe transportation coils and other plate number coils issues
260 _aHouston, TX
_bEclectic Publishing
_c1987
650 _aUnited States | 1981-1988 | 20th Century | Plate Number Coils | Coils | Plate Blocks and Numbers | Production | Errors and Varieties | Stamps -- Histories | Designs | First Day Ceremonies | First Days | Transportation Series | Precancels | Forgeries and Counterfeits